| 000 | 00425nam a2200157Ia 4500 | ||
|---|---|---|---|
| 008 | 210716s2008 xx 000 0 und d | ||
| 020 | _a9780070263642 | ||
| 041 | _aeng | ||
| 082 | _a337 CHEF | ||
| 100 | _aCherunilam, Francis. | ||
| 245 | _aInternational economics. | ||
| 250 | _a5 | ||
| 260 |
_aNew Delhi _bTata McGraw Hill Publishing Company Ltd _c2008 |
||
| 300 | _axxxii,733 | ||
| 650 | _aInternational economics(337) | ||
| 999 |
_c205301 _d205301 |
||